000 00807cam a2200265 a 4500
001 000001136
005 20200929145502.0
008 970701s1998 mauabc 001 0 eng
020 _a0070644349
020 _a0070647267
040 _aDO-SdBNP
_cBNPHU
_bspa
041 1 7 _aeng
_hspa
082 _a468.2421
_bD722m, 1998
245 0 0 _aDos mundos /
_cTracy D. Terrell ... [et al.].
246 3 _a2 mundos
250 _a4a ed.
260 _aBoston :
_bMcGraw-Hill,
_c1998.
300 _axxxi, 540, 62 p. :
_bil., retrs., mapas ;
_c26 cm.
650 4 _aEspañol en países extranjeros
_93885
650 4 _aEspañol
_xGramática
_xLibros de texto
_93886
700 1 _aTerrell, Tracy D.
_93887
700 1 _aAndrade, Magdalena
_93888
700 1 _aEgasse, Jeanne
_93889
700 1 _aMuñoz, Elías Miguel
_93890
999 _c1090
_d1090